LEADER 00663nam0 22001931i 450 001 UON00197800 005 20231205103240.638 100 $a20030730f |0itac50 ba 101 $aeng 102 $aGB 105 $a|||| ||||| 200 1 $a True stories$fD. Byrne. - 700 1$aBYRNE$bDonn$3UONV117703$0438806 801 $aIT$bSOL$c20240220$gRICA 899 $aSIBA - SISTEMA BIBLIOTECARIO DI ATENEO$2UONSI 912 $aUON00197800 950 $aSIBA - SISTEMA BIBLIOTECARIO DI ATENEO$dSI AME VI c 9 0109 $eSI LO 33191 5 0109 $sBuono 996 $aTrue stories$91525212 997 $aUNIOR